| 000 | 00590nam a2200193 i 4500 | ||
|---|---|---|---|
| 001 | bgj | ||
| 100 | 1 | _aEVANS, Virginia | |
| 245 | 1 | 0 |
_aEnterprise : _bcoursebook : elementary / _cVirginia Evans, Jenny Dooley. |
| 260 |
_aSwansea : _bExpress Publishing, _c1999. |
||
| 300 |
_a135 pp., [16] cards : _bill., photos ; _c29 cm. |
||
| 650 | 9 |
_aEnglish language _xTextbooks for foreigners |(elementary) |
|
| 700 | 1 |
_aDOOLEY, Jenny. _eco-author |
|
| 020 | _a9603611786 | ||
| 040 | _cBPK | ||
| 041 | 0 | _aeng | |
| 920 | _a960-361-178-6 | ||
| 942 | _cKS | ||
| 008 | s uk f |000 0 eng | ||
| 999 |
_c48452 _d48452 |
||
| 856 |
_uhttp://koha.tu.koszalin.pl/cgi-bin/koha/opac-detail.pl?biblionumber=48452 _yKatalog online BPK |
||